[Event "DEM U14w 2025"]
[Site "Willingen GER"]
[Date "2025.06.11"]
[Round "5"]
[White "Komar, Valerie"]
[Black "Jordan, Christina"]
[Result "0-1"]
[Termination "normal"]
[Board "1"]
[WhiteElo "1765"]
[BlackElo "1815"]
[WhiteClock "00:20:18"]
[BlackClock "00:43:50"]
[PlyCount "108"]
[WhiteFideId "34139664"]
[BlackFideId "1347977"]
[EventCountry "GER"]
[EventRounds "9"]
[EventType "swiss"]
[EventDate "2025.06.07"]

1. d4 {[%clk 01:30:56]} {[%emt 00:00:03]} d5 {[%clk 01:30:54]} {[%emt
00:00:06]} 2. c4 {[%clk 01:31:25]} {[%emt 00:00:02]} c6 {[%clk 01:31:18]}
{[%emt 00:00:06]} 3. cxd5 {[%clk 01:31:53]} {[%emt 00:00:02]} cxd5 {[%clk
01:31:43]} {[%emt 00:00:06]} 4. Bf4 {[%clk 01:32:15]} {[%emt 00:00:07]} Nc6
{[%clk 01:30:50]} {[%emt 00:01:23]} 5. e3 {[%clk 01:32:31]} {[%emt 00:00:14]}
Nf6 {[%clk 01:27:45]} {[%emt 00:03:36]} 6. Nc3 {[%clk 01:31:50]} {[%emt
00:01:11]} a6 {[%clk 01:25:35]} {[%emt 00:02:40]} 7. Bd3 {[%clk 01:28:42]}
{[%emt 00:03:38]} e6 {[%clk 01:23:46]} {[%emt 00:02:19]} 8. a3 {[%clk
01:24:45]} {[%emt 00:04:26]} Bd6 {[%clk 01:14:51]} {[%emt 00:09:25]} 9. Bxd6
{[%clk 01:23:04]} {[%emt 00:02:11]} Qxd6 {[%clk 01:15:15]} {[%emt 00:00:05]}
10. Nf3 {[%clk 01:22:21]} {[%emt 00:01:13]} O-O {[%clk 01:14:24]} {[%emt
00:01:21]} 11. O-O {[%clk 01:21:16]} {[%emt 00:01:35]} e5 {[%clk 01:05:38]}
{[%emt 00:09:16]} 12. dxe5 {[%clk 01:18:47]} {[%emt 00:02:59]} Nxe5 {[%clk
01:05:07]} {[%emt 00:01:02]} 13. Nxe5 {[%clk 01:19:13]} {[%emt 00:00:04]} Qxe5
{[%clk 01:05:32]} {[%emt 00:00:05]} 14. h3 {[%clk 01:17:39]} {[%emt 00:02:03]}
Bd7 {[%clk 00:59:37]} {[%emt 00:06:26]} 15. Rc1 {[%clk 01:13:18]} {[%emt
00:04:51]} Qg5 {[%clk 00:56:03]} {[%emt 00:04:03]} 16. Qf3 {[%clk 01:06:17]}
{[%emt 00:07:31]} Bc6 {[%clk 00:55:33]} {[%emt 00:01:01]} 17. Ne2 {[%clk
01:05:38]} {[%emt 00:01:08]} d4 {[%clk 00:45:32]} {[%emt 00:10:31]} 18. e4
{[%clk 01:04:18]} {[%emt 00:01:50]} Qe5 {[%clk 00:42:49]} {[%emt 00:03:13]} 19.
Ng3 {[%clk 01:03:46]} {[%emt 00:01:01]} Nd7 {[%clk 00:41:06]} {[%emt 00:02:13]}
20. Qg4 {[%clk 00:54:58]} {[%emt 00:09:17]} Nf6 {[%clk 00:31:36]} {[%emt
00:10:02]} 21. Qe2 {[%clk 00:52:21]} {[%emt 00:03:05]} Rfe8 {[%clk 00:27:51]}
{[%emt 00:04:17]} 22. Rce1 {[%clk 00:48:20]} {[%emt 00:04:28]} Qg5 {[%clk
00:25:01]} {[%emt 00:03:22]} 23. Qf3 {[%clk 00:36:27]} {[%emt 00:12:22]} Nd7
{[%clk 00:24:03]} {[%emt 00:01:29]} 24. Qd1 {[%clk 00:32:09]} {[%emt 00:04:47]}
Nc5 {[%clk 00:23:36]} {[%emt 00:00:58]} 25. Bc4 {[%clk 00:16:20]} {[%emt
00:16:18]} Nxe4 {[%clk 00:19:40]} {[%emt 00:04:27]} 26. Nxe4 {[%clk 00:11:14]}
{[%emt 00:05:37]} Rxe4 {[%clk 00:15:45]} {[%emt 00:04:24]} 27. Rxe4 {[%clk
00:09:24]} {[%emt 00:02:20]} Bxe4 {[%clk 00:16:11]} {[%emt 00:00:04]} 28. f3
{[%clk 00:09:47]} {[%emt 00:00:07]} Qe3+ {[%clk 00:16:20]} {[%emt 00:00:21]}
29. Kh1 {[%clk 00:09:25]} {[%emt 00:00:52]} Bg6 {[%clk 00:16:44]} {[%emt
00:00:06]} 30. Re1 {[%clk 00:08:11]} {[%emt 00:01:44]} Qf4 {[%clk 00:16:40]}
{[%emt 00:00:34]} 31. Qa4 {[%clk 00:06:06]} {[%emt 00:02:36]} h6 {[%clk
00:16:34]} {[%emt 00:00:36]} 32. Qb3 {[%clk 00:04:59]} {[%emt 00:01:37]} b5
{[%clk 00:15:49]} {[%emt 00:01:14]} 33. Bd3 {[%clk 00:03:33]} {[%emt 00:01:53]}
Bxd3 {[%clk 00:15:25]} {[%emt 00:00:57]} 34. Qxd3 {[%clk 00:04:01]} {[%emt
00:00:02]} Rc8 {[%clk 00:15:40]} {[%emt 00:00:15]} 35. Qb1 {[%clk 00:02:27]}
{[%emt 00:02:03]} Rd8 {[%clk 00:14:45]} {[%emt 00:01:28]} 36. Qd3 {[%clk
00:02:38]} {[%emt 00:00:17]} Qc7 {[%clk 00:14:30]} {[%emt 00:00:40]} 37. Rd1
{[%clk 00:01:55]} {[%emt 00:01:19]} Qc4 {[%clk 00:14:43]} {[%emt 00:00:17]} 38.
Kg1 {[%clk 00:01:05]} {[%emt 00:01:20]} Qxd3 {[%clk 00:14:56]} {[%emt
00:00:17]} 39. Rxd3 {[%clk 00:01:34]} {[%emt 00:00:01]} Kf8 {[%clk 00:15:19]}
{[%emt 00:00:07]} 40. Kf2 {[%clk 00:01:24]} {[%emt 00:00:39]} Ke7 {[%clk
00:15:45]} {[%emt 00:00:04]} 41. Ke2 {[%clk 00:01:07]} {[%emt 00:00:47]} Ke6
{[%clk 00:16:11]} {[%emt 00:00:04]} 42. g3 {[%clk 00:29:19]} {[%emt 00:02:19]}
Kd5 {[%clk 00:44:49]} {[%emt 00:01:51]} 43. b3 {[%clk 00:28:03]} {[%emt
00:01:47]} Rc8 {[%clk 00:45:00]} {[%emt 00:00:18]} 44. Kd2 {[%clk 00:28:28]}
{[%emt 00:00:04]} a5 {[%clk 00:45:20]} {[%emt 00:00:12]} 45. h4 {[%clk
00:23:44]} {[%emt 00:05:15]} g6 {[%clk 00:42:28]} {[%emt 00:03:22]} 46. g4
{[%clk 00:21:32]} {[%emt 00:02:42]} f6 {[%clk 00:42:29]} {[%emt 00:00:29]} 47.
f4 {[%clk 00:21:01]} {[%emt 00:01:00]} Ke4 {[%clk 00:42:10]} {[%emt 00:00:49]}
48. f5 {[%clk 00:21:08]} {[%emt 00:00:23]} gxf5 {[%clk 00:41:53]} {[%emt
00:00:47]} 49. gxf5 {[%clk 00:21:35]} {[%emt 00:00:04]} b4 {[%clk 00:42:18]}
{[%emt 00:00:05]} 50. axb4 {[%clk 00:21:08]} {[%emt 00:00:57]} axb4 {[%clk
00:42:43]} {[%emt 00:00:04]} 51. Rg3 {[%clk 00:20:54]} {[%emt 00:00:43]} Kxf5
{[%clk 00:43:09]} {[%emt 00:00:04]} 52. Rf3+ {[%clk 00:20:16]} {[%emt
00:01:08]} Ke5 {[%clk 00:43:03]} {[%emt 00:00:36]} 53. Rf1 {[%clk 00:19:54]}
{[%emt 00:00:52]} Rc3 {[%clk 00:43:26]} {[%emt 00:00:07]} 54. Rb1 {[%clk
00:20:18]} {[%emt 00:00:06]} Rh3 {[%clk 00:43:50]} {[%emt 00:00:06]} 0-1

[Event "DEM U14w 2025"]
[Site "Willingen GER"]
[Date "2025.06.11"]
[Round "5"]
[White "Mehner, Clara"]
[Black "Czäczine, Paula"]
[Result "0-1"]
[Termination "normal"]
[Board "2"]
[WhiteElo "1643"]
[BlackElo "1965"]
[WhiteClock "00:00:36"]
[BlackClock "00:03:31"]
[PlyCount "78"]
[WhiteFideId "34612165"]
[BlackFideId "16249305"]
[EventCountry "GER"]
[EventRounds "9"]
[EventType "swiss"]
[EventDate "2025.06.07"]

1. e4 {[%clk 01:30:59]} e5 {[%clk 01:30:56]} {[%emt 00:00:05]} 2. Nc3 {[%clk
01:31:20]} {[%emt 00:00:08]} Nf6 {[%clk 01:31:15]} {[%emt 00:00:11]} 3. Bc4
{[%clk 01:31:43]} {[%emt 00:00:08]} Nc6 {[%clk 01:30:48]} {[%emt 00:00:58]} 4.
d3 {[%clk 01:31:27]} {[%emt 00:00:45]} Na5 {[%clk 01:29:55]} {[%emt 00:01:23]}
5. Nge2 {[%clk 01:30:44]} {[%emt 00:01:13]} Bc5 {[%clk 01:29:22]} {[%emt
00:01:03]} 6. O-O {[%clk 01:28:57]} {[%emt 00:02:16]} Nxc4 {[%clk 01:27:38]}
{[%emt 00:02:15]} 7. dxc4 {[%clk 01:29:16]} {[%emt 00:00:11]} d6 {[%clk
01:27:40]} {[%emt 00:00:28]} 8. Qd3 {[%clk 01:27:54]} {[%emt 00:01:51]} Be6
{[%clk 01:20:00]} {[%emt 00:08:10]} 9. b3 {[%clk 01:22:33]} {[%emt 00:05:51]}
Nd7 {[%clk 01:10:04]} {[%emt 00:10:27]} 10. Be3 {[%clk 01:20:02]} {[%emt
00:03:01]} O-O {[%clk 01:07:50]} {[%emt 00:02:43]} 11. f4 {[%clk 01:14:05]}
{[%emt 00:06:27]} f5 {[%clk 00:59:00]} {[%emt 00:09:20]} 12. Bxc5 {[%clk
01:05:42]} {[%emt 00:08:53]} Nxc5 {[%clk 00:58:52]} {[%emt 00:00:39]} 13. Qe3
{[%clk 01:04:35]} {[%emt 00:01:37]} Qe7 {[%clk 00:49:55]} {[%emt 00:09:28]} 14.
Ng3 {[%clk 00:55:51]} {[%emt 00:09:13]} exf4 {[%clk 00:47:40]} {[%emt
00:02:45]} 15. Rxf4 {[%clk 00:52:30]} {[%emt 00:03:51]} fxe4 {[%clk 00:45:47]}
{[%emt 00:02:24]} 16. Ncxe4 {[%clk 00:48:54]} {[%emt 00:04:05]} Rxf4 {[%clk
00:43:41]} {[%emt 00:02:36]} 17. Qxf4 {[%clk 00:49:12]} {[%emt 00:00:12]} Rf8
{[%clk 00:41:46]} {[%emt 00:02:25]} 18. Qe3 {[%clk 00:40:06]} {[%emt 00:09:37]}
Bf5 {[%clk 00:37:16]} {[%emt 00:05:00]} 19. Re1 {[%clk 00:37:07]} {[%emt
00:03:27]} Bxe4 {[%clk 00:34:42]} {[%emt 00:03:05]} 20. Nxe4 {[%clk 00:30:45]}
{[%emt 00:06:52]} Rf5 {[%clk 00:32:57]} {[%emt 00:02:16]} 21. b4 {[%clk
00:12:23]} {[%emt 00:18:52]} Nd7 {[%clk 00:26:16]} {[%emt 00:07:11]} 22. Re2
{[%clk 00:09:14]} {[%emt 00:03:39]} Re5 {[%clk 00:22:54]} {[%emt 00:03:51]} 23.
Qf3 {[%clk 00:08:27]} {[%emt 00:01:17]} Nb6 {[%clk 00:17:18]} {[%emt 00:06:07]}
24. c5 {[%clk 00:01:17]} {[%emt 00:07:40]} dxc5 {[%clk 00:16:03]} {[%emt
00:01:45]} 25. bxc5 {[%clk 00:01:26]} {[%emt 00:00:20]} Nd7 {[%clk 00:15:11]}
{[%emt 00:01:23]} 26. Ng3 {[%clk 00:00:43]} {[%emt 00:01:13]} Nxc5 {[%clk
00:14:32]} {[%emt 00:01:09]} 27. Qd5+ {[%clk 00:00:35]} {[%emt 00:00:38]} Rxd5
{[%clk 00:14:19]} {[%emt 00:00:43]} 28. Rxe7 {[%clk 00:00:59]} {[%emt
00:00:06]} Rd7 {[%clk 00:14:18]} {[%emt 00:00:32]} 29. Re5 {[%clk 00:00:56]}
{[%emt 00:00:30]} b6 {[%clk 00:14:08]} {[%emt 00:00:43]} 30. Re2 {[%clk
00:00:53]} {[%emt 00:00:32]} Kf7 {[%clk 00:12:32]} {[%emt 00:02:06]} 31. Kf2
{[%clk 00:00:57]} {[%emt 00:00:26]} Re7 {[%clk 00:11:21]} {[%emt 00:01:42]} 32.
Rd2 {[%clk 00:00:40]} {[%emt 00:00:47]} Kf6 {[%clk 00:09:46]} {[%emt 00:02:05]}
33. Rd4 {[%clk 00:00:37]} {[%emt 00:00:32]} Rd7 {[%clk 00:08:04]} {[%emt
00:02:12]} 34. Rf4+ {[%clk 00:00:38]} {[%emt 00:00:29]} Ke5 {[%clk 00:07:01]}
{[%emt 00:01:34]} 35. Ke3 {[%clk 00:00:36]} {[%emt 00:00:31]} g6 {[%clk
00:06:23]} {[%emt 00:01:08]} 36. Rf1 {[%clk 00:00:38]} {[%emt 00:00:28]} Kd5
{[%clk 00:04:35]} {[%emt 00:02:17]} 37. Rd1+ {[%clk 00:00:39]} {[%emt
00:00:28]} Ke6 {[%clk 00:04:06]} {[%emt 00:00:59]} 38. Rf1 {[%clk 00:00:48]}
{[%emt 00:00:21]} a5 {[%clk 00:04:02]} {[%emt 00:00:34]} 39. Rb1 {[%clk
00:00:36]} {[%emt 00:00:41]} Rd5 {[%clk 00:03:31]} {[%emt 00:01:02]} 0-1

[Event "DEM U14w 2025"]
[Site "Willingen GER"]
[Date "2025.06.11"]
[Round "5"]
[White "Wagner, Cosima Thien-An"]
[Black "Färber, Anna"]
[Result "1/2-1/2"]
[Termination "normal"]
[Board "3"]
[WhiteElo "1835"]
[BlackElo "1702"]
[WhiteClock "00:03:16"]
[BlackClock "00:15:48"]
[PlyCount "162"]
[WhiteFideId "34603484"]
[BlackFideId "34633480"]
[EventCountry "GER"]
[EventRounds "9"]
[EventType "swiss"]
[EventDate "2025.06.07"]

1. c4 {[%clk 01:30:58]} {[%emt 00:00:02]} c6 {[%clk 01:30:51]} {[%emt
00:00:10]} 2. g3 {[%clk 01:31:20]} {[%emt 00:00:08]} d5 {[%clk 01:31:16]}
{[%emt 00:00:05]} 3. Bg2 {[%clk 01:30:52]} {[%emt 00:00:59]} e5 {[%clk
01:31:31]} {[%emt 00:00:15]} 4. cxd5 {[%clk 01:29:23]} {[%emt 00:01:59]} cxd5
{[%clk 01:31:54]} {[%emt 00:00:07]} 5. Nf3 {[%clk 01:29:36]} {[%emt 00:00:17]}
Nc6 {[%clk 01:26:56]} {[%emt 00:05:27]} 6. O-O {[%clk 01:29:04]} {[%emt
00:01:02]} Nf6 {[%clk 01:24:18]} {[%emt 00:03:08]} 7. d4 {[%clk 01:22:32]}
{[%emt 00:07:02]} e4 {[%clk 01:21:31]} {[%emt 00:03:18]} 8. Ne5 {[%clk
01:21:30]} {[%emt 00:01:32]} Qb6 {[%clk 01:14:47]} {[%emt 00:07:13]} 9. Nxc6
{[%clk 01:17:32]} {[%emt 00:04:29]} Qxc6 {[%clk 01:10:55]} {[%emt 00:04:22]}
10. Bf4 {[%clk 01:14:15]} {[%emt 00:03:47]} Bf5 {[%clk 01:03:25]} {[%emt
00:07:59]} 11. Nc3 {[%clk 01:14:22]} {[%emt 00:00:24]} Bd6 {[%clk 01:02:06]}
{[%emt 00:01:48]} 12. Be5 {[%clk 01:05:49]} {[%emt 00:09:04]} Be7 {[%clk
00:55:56]} {[%emt 00:06:40]} 13. Rc1 {[%clk 01:05:21]} {[%emt 00:00:59]} Qd7
{[%clk 00:54:48]} {[%emt 00:01:37]} 14. Qb3 {[%clk 01:03:55]} {[%emt 00:01:56]}
O-O {[%clk 00:47:58]} {[%emt 00:07:20]} 15. Bxf6 {[%clk 00:50:16]} {[%emt
00:14:10]} Bxf6 {[%clk 00:48:14]} {[%emt 00:00:13]} 16. Nxd5 {[%clk 00:47:01]}
{[%emt 00:03:45]} Rfd8 {[%clk 00:46:08]} {[%emt 00:02:36]} 17. Nxf6+ {[%clk
00:45:32]} {[%emt 00:02:00]} gxf6 {[%clk 00:46:32]} {[%emt 00:00:05]} 18. e3
{[%clk 00:38:52]} {[%emt 00:07:11]} Rac8 {[%clk 00:44:47]} {[%emt 00:02:14]}
19. Rc3 {[%clk 00:33:43]} {[%emt 00:05:39]} b6 {[%clk 00:38:28]} {[%emt
00:06:49]} 20. Rfc1 {[%clk 00:32:57]} {[%emt 00:01:16]} Be6 {[%clk 00:37:30]}
{[%emt 00:01:27]} 21. Qc2 {[%clk 00:32:27]} {[%emt 00:01:01]} f5 {[%clk
00:37:29]} {[%emt 00:00:32]} 22. Rxc8 {[%clk 00:29:52]} {[%emt 00:03:05]} Rxc8
{[%clk 00:37:50]} {[%emt 00:00:08]} 23. Qxc8+ {[%clk 00:29:59]} {[%emt
00:00:23]} Qxc8 {[%clk 00:38:16]} {[%emt 00:00:04]} 24. Rxc8+ {[%clk 00:30:26]}
{[%emt 00:00:03]} Bxc8 {[%clk 00:38:39]} {[%emt 00:00:07]} 25. Kf1 {[%clk
00:30:10]} {[%emt 00:00:46]} Kf8 {[%clk 00:37:49]} {[%emt 00:01:20]} 26. Ke2
{[%clk 00:30:17]} {[%emt 00:00:24]} Ke7 {[%clk 00:37:57]} {[%emt 00:00:21]} 27.
Kd2 {[%clk 00:30:40]} {[%emt 00:00:07]} Kd6 {[%clk 00:37:47]} {[%emt 00:00:39]}
28. Kc3 {[%clk 00:31:01]} {[%emt 00:00:09]} Bd7 {[%clk 00:36:22]} {[%emt
00:01:56]} 29. Bf1 {[%clk 00:29:43]} {[%emt 00:01:47]} f6 {[%clk 00:35:10]}
{[%emt 00:01:42]} 30. Bc4 {[%clk 00:26:54]} {[%emt 00:03:19]} h6 {[%clk
00:34:24]} {[%emt 00:01:17]} 31. Kb4 {[%clk 00:22:40]} {[%emt 00:04:45]} Bc6
{[%clk 00:32:58]} {[%emt 00:01:55]} 32. a4 {[%clk 00:20:35]} {[%emt 00:02:35]}
a5+ {[%clk 00:31:18]} {[%emt 00:02:10]} 33. Ka3 {[%clk 00:18:49]} {[%emt
00:02:16]} Bd7 {[%clk 00:30:30]} {[%emt 00:01:19]} 34. b4 {[%clk 00:16:34]}
{[%emt 00:02:45]} Bc6 {[%clk 00:30:04]} {[%emt 00:00:55]} 35. Kb3 {[%clk
00:15:40]} {[%emt 00:01:26]} Bd7 {[%clk 00:29:50]} {[%emt 00:00:44]} 36. Bf7
{[%clk 00:13:29]} {[%emt 00:02:41]} Bc6 {[%clk 00:28:19]} {[%emt 00:02:01]} 37.
Bg6 {[%clk 00:10:59]} {[%emt 00:02:59]} Bd5+ {[%clk 00:26:54]} {[%emt
00:01:55]} 38. Kc3 {[%clk 00:10:53]} {[%emt 00:00:35]} Be6 {[%clk 00:27:04]}
{[%emt 00:00:21]} 39. Bh5 {[%clk 00:05:55]} {[%emt 00:05:28]} Kd5 {[%clk
00:24:10]} {[%emt 00:03:25]} 40. Bd1 {[%clk 00:04:37]} {[%emt 00:01:48]} Kd6
{[%clk 00:24:10]} {[%emt 00:00:30]} 41. Bb3 {[%clk 00:25:13]} {[%emt 00:09:54]}
Bd7 {[%clk 00:53:25]} {[%emt 00:01:14]} 42. d5 {[%clk 00:19:51]} {[%emt
00:05:54]} Bc8 {[%clk 00:52:17]} {[%emt 00:01:38]} 43. Kc4 {[%clk 00:13:53]}
{[%emt 00:06:27]} Ba6+ {[%clk 00:51:26]} {[%emt 00:01:20]} 44. b5 {[%clk
00:10:15]} {[%emt 00:04:09]} Bb7 {[%clk 00:48:34]} {[%emt 00:03:21]} 45. Kd4
{[%clk 00:10:35]} {[%emt 00:00:10]} Bc8 {[%clk 00:47:57]} {[%emt 00:01:07]} 46.
Bc2 {[%clk 00:08:49]} {[%emt 00:02:17]} Bb7 {[%clk 00:45:24]} {[%emt 00:03:02]}
47. g4 {[%clk 00:05:57]} {[%emt 00:03:22]} fxg4 {[%clk 00:43:06]} {[%emt
00:02:48]} 48. Bxe4 {[%clk 00:06:23]} {[%emt 00:00:05]} Bc8 {[%emt 00:01:19]}
49. Bg2 {[%clk 00:05:49]} {[%emt 00:00:01]} Bf5 {[%clk 00:40:06]} {[%emt
00:03:43]} 50. e4 {[%clk 00:04:10]} {[%emt 00:02:10]} Bd7 {[%clk 00:38:47]}
{[%emt 00:01:47]} 51. f4 {[%clk 00:03:17]} {[%emt 00:01:24]} gxf3 {[%clk
00:38:36]} {[%emt 00:00:41]} 52. Bxf3 {[%clk 00:03:44]} {[%emt 00:00:04]} Be8
{[%clk 00:36:24]} {[%emt 00:02:40]} 53. Bd1 {[%clk 00:02:49]} {[%emt 00:01:26]}
Bf7 {[%clk 00:35:15]} {[%emt 00:01:40]} 54. Bg4 {[%clk 00:01:50]} {[%emt
00:01:28]} Bg6 {[%clk 00:34:29]} {[%emt 00:01:16]} 55. Bf3 {[%clk 00:01:26]}
{[%emt 00:00:54]} Bf7 {[%clk 00:33:55]} {[%emt 00:01:03]} 56. Ke3 {[%clk
00:01:18]} {[%emt 00:00:38]} Ke5 {[%clk 00:33:08]} {[%emt 00:01:17]} 57. Kf2
{[%clk 00:01:36]} {[%emt 00:00:13]} Kf4 {[%clk 00:26:06]} {[%emt 00:07:33]} 58.
h3 {[%clk 00:01:51]} {[%emt 00:00:15]} Be8 {[%clk 00:25:39]} {[%emt 00:00:57]}
59. Kg2 {[%clk 00:01:03]} {[%emt 00:01:19]} Ke5 {[%clk 00:25:14]} {[%emt
00:00:55]} 60. Kg3 {[%clk 00:01:18]} {[%emt 00:00:15]} Bf7 {[%clk 00:24:46]}
{[%emt 00:00:56]} 61. Kh4 {[%clk 00:01:22]} {[%emt 00:00:27]} Be8 {[%clk
00:23:46]} {[%emt 00:01:29]} 62. Bh5 {[%clk 00:01:38]} {[%emt 00:00:13]} Bd7
{[%clk 00:24:04]} {[%emt 00:00:12]} 63. Bg6 {[%clk 00:01:56]} {[%emt 00:00:13]}
Kd6 {[%clk 00:20:53]} {[%emt 00:03:41]} 64. Kh5 {[%clk 00:01:46]} {[%emt
00:00:40]} Bxh3 {[%clk 00:20:44]} {[%emt 00:00:39]} 65. Kxh6 {[%clk 00:02:09]}
{[%emt 00:00:07]} Ke5 {[%clk 00:15:29]} {[%emt 00:05:44]} 66. Kg7 {[%clk
00:02:29]} {[%emt 00:00:11]} Bg4 {[%clk 00:15:16]} {[%emt 00:00:42]} 67. Kf7
{[%clk 00:02:42]} {[%emt 00:00:13]} Bd1 {[%clk 00:15:33]} {[%emt 00:00:16]} 68.
Ke7 {[%clk 00:02:48]} {[%emt 00:00:24]} Bxa4 {[%clk 00:15:39]} {[%emt
00:00:25]} 69. Be8 {[%clk 00:02:42]} {[%emt 00:00:36]} Bb3 {[%clk 00:14:24]}
{[%emt 00:01:45]} 70. d6 {[%clk 00:02:16]} {[%emt 00:00:56]} Be6 {[%clk
00:14:37]} {[%emt 00:00:17]} 71. d7 {[%clk 00:00:55]} {[%emt 00:01:52]} Bxd7
{[%clk 00:15:02]} {[%emt 00:00:05]} 72. Bxd7 {[%clk 00:01:21]} {[%emt
00:00:03]} Kxe4 {[%clk 00:14:36]} {[%emt 00:00:56]} 73. Kxf6 {[%clk 00:01:47]}
{[%emt 00:00:05]} Kd4 {[%clk 00:14:15]} {[%emt 00:00:52]} 74. Ke6 {[%clk
00:02:00]} {[%emt 00:00:11]} Kc5 {[%clk 00:14:14]} {[%emt 00:00:36]} 75. Ke5
{[%clk 00:01:23]} {[%emt 00:01:07]} a4 {[%clk 00:14:34]} {[%emt 00:00:10]} 76.
Ke4 {[%clk 00:01:45]} {[%emt 00:00:07]} a3 {[%clk 00:14:42]} {[%emt 00:00:23]}
77. Be6 {[%clk 00:02:07]} {[%emt 00:00:08]} Kxb5 {[%clk 00:15:07]} {[%emt
00:00:04]} 78. Kd3 {[%clk 00:02:34]} {[%emt 00:00:03]} Ka4 {[%clk 00:15:12]}
{[%emt 00:00:25]} 79. Kc2 {[%clk 00:02:58]} {[%emt 00:00:06]} b5 {[%clk
00:15:36]} {[%emt 00:00:05]} 80. Kb1 {[%clk 00:02:56]} {[%emt 00:00:33]} b4
{[%clk 00:15:50]} {[%emt 00:00:17]} 81. Ka2 {[%clk 00:03:16]} {[%emt 00:00:05]}
Kb5 {[%clk 00:15:48]} {[%emt 00:00:36]} 1/2-1/2